000 00643nam a2200241Ia 4500
003 OSt
005 20221007105505.0
006 a|||||r|||| 00| 0
007 ta
008 221006b |||||||| |||| 00| 0 eng d
024 _a18,720
037 _cTextual
040 _aLCO
_cLCO
_beng
041 _2eng
_aeng
082 _aZ2,211,3, L5
100 _aMcauslan Patrick
_9577729
245 0 _aLand, Law and Planning
260 _aLondon
_bWeidenfeld and Nicolson UK
_c1975
300 _a736
650 _aLAND LAW AND PLANNING
_9706680
942 _hZ2,211,3, L5
_cTEXL
999 _c1188283
_d1188283